00226 a2200121 4500001000700000020001900007040001100026100002200037240001700059245001200076300000700088362000900095183634 a85-7106-0134-3 cMagnum aLa Fontaine, Jean10aFabulaslpor10aFabulas a440 a1999